| 000 | 01025cab a2200193 4500 | ||
|---|---|---|---|
| 001 | ##L132059 | ||
| 008 | 051222n2005 000 0 eng u | ||
| 035 | _a(Sirsi) u132059 | ||
| 041 | 0 | _aeng | |
| 100 | 1 | _aHemsley, Andrew | |
| 245 | 0 | 0 | _aEasy money |
| 260 | _c2005 | ||
| 490 | 0 |
_aBuilding _v270(8410) 9 December 2005, 45(1) |
|
| 520 | _aArgues that loopholes as to the costs recoverable by contractors in the NEC's target contract with activity schedule have not been addressed in NEC3. Illustrates how a lack of clarity in target contracts can mean that it is better for a contractor to focus on recovering additional costs from the employer rather than reducing costs with a view to sharing in any savings made. Also highlights ambiguities in the Schedule of Cost Components (SCC) in the NEC. | ||
| 590 | _aIKA030106 | ||
| 650 | 2 | 4 | _aNEW ENGINEERING CONTRACT (THIRD EDITION) |
| 690 | _aBUILT ENVIRONMENT-BUILDING CONTRACT FORMS-STANDARD FORMS OF BUILDING CONTRACT-NEW ENGINEERING CONTRACT CONTRACTS | ||
| 942 | _n0 | ||
| 999 |
_c76313 _d76313 |
||